000 00353nam a2200133Ia 4500
008 240624s9999 xx 000 0 und d
041 _aeng
082 _a006.76 BHA
100 _aBHASIN HERSH
245 _aMICROSOFT ASP NET PROFESSIONAL PROJECTS
260 _c2002
_aNew Delhi
_bPrentice-Hall of India
300 _axviii, : 638 : cm. ; 24
365 _cRS
999 _c2208
_d2208